00383nam a2200145Ia 45000010005000000080041000050200019000460820021000651000027000862450059001132600016001725900007001889010027001959990015002221999241024s9999 xx 000 0 und d a999-34-832-3-0 aRD/352.283/C168e aFran Cáceres Mendoza 0aExperiencias de desarrollo local y descentralización bPUCMMc2001 asi a4/11/2011 3:26:22 p.m. c9473d9473